Типовой авторский договор на передачу документов в электронную библиотеку: приложение № 1; Библиотеки учебных заведений; № 13

Manylion Llyfryddiaeth
Parent link:Библиотеки учебных заведений: научно-методический журнал.— , 2005
№ 13.— 2005.— С. 25-28
Awdur Corfforaethol: Тверской государственный технический университет
Iaith:Rwseg
Cyhoeddwyd: 2005
Cyfres:Управление библиотекой
Pynciau:
Fformat: Pennod Llyfr
KOHA link:https://koha.lib.tpu.ru/cgi-bin/koha/opac-detail.pl?biblionumber=399093

MARC

LEADER 00000naa2a2200000 4500
001 399093
005 20231101065153.0
035 |a (RuTPU)RU\TPU\prd\40078 
035 |a RU\TPU\prd\40077 
090 |a 399093 
100 |a 20051205a2005 k y0rusy50 ca 
101 0 |a rus 
102 |a RU 
200 1 |a Типовой авторский договор на передачу документов в электронную библиотеку  |e приложение № 1  |f Тверской государственный технический университет 
225 1 |a Управление библиотекой 
461 0 |0 (RuTPU)RU\TPU\prd\39949  |t Библиотеки учебных заведений  |o научно-методический журнал  |d 2005 
463 0 |0 (RuTPU)RU\TPU\prd\39950  |t № 13  |v С. 25-28  |d 2005 
610 1 |a управление библиотекой 
610 1 |a библиотеки 
610 1 |a договора типовые 
610 1 |a электронные библиотеки 
610 1 |a фонды 
610 1 |a формирование 
610 1 |a Тверской государственный технический университет 
712 0 2 |a Тверской государственный технический университет  |2 stltpush  |3 (RuTPU)RU\TPU\col\47 
801 1 |a RU  |b 63413507  |c 20051205  |g PSBO 
801 2 |a RU  |b 63413507  |c 20051205  |g PSBO 
942 |c BK